Autismo: la verdad rechazada

Guardat en:
Dades bibliogràfiques
Autors principals: Ritvo, Edward R (Autor), Laxer, Gloria (Autor)
Format: Llibre
Idioma:espanyol
Publicat: París SIMEP 1982
Col·lecció:Discapacidad y Readaptación
Matèries:
Etiquetes: Afegir etiqueta
Sense etiquetes, Sigues el primer a etiquetar aquest registre!

MARC

LEADER 00000nam a2200000 a 4500
001 UCK1603
003 CL-VaPUC
008 041119e19820000FR |||||||||||||||||spa|d
082 0 4 |a 616.8982  |b RIT  |2 21 
100 0 |a Ritvo, Edward R  |e author  |9 489511 
700 0 |a Laxer, Gloria  |e author  |9 489512 
245 1 0 |a Autismo: la verdad rechazada 
300 |a 222 h 
942 |c BK 
945 |d 20041119 00:00:00  |a cmena 
260 |a París  |b SIMEP  |c 1982 
650 0 |a Autismo  |9 307911 
650 0 |a Educación especial  |9 307486 
650 0 |a Trastornos del comportamiento  |9 311363 
650 0 |a Comunicación   |9 257251 
650 0 |a Relaciones interpersonales  |9 307056 
650 0 |a Trastornos mentales  |9 307475 
650 7 |a PSICOTERAPIA  |2 CL-VaPUC  |9 489513 
583 |a last modification  |c 20041119 00:00:00  |k Rodrigo Vera 
490 0 |a Discapacidad y Readaptación 
999 |c 311507  |d 311505 
952 |0 0  |1 0  |4 0  |6 616_898200000000000_RIT_1982  |7 0  |8 P  |9 380940  |a BIBEDU  |b BIBEDU  |c BIBEDU_PB  |d 2019-11-21  |i 403211K  |l 1  |o 616.8982 RIT 1982  |p 403211K  |r 2024-01-25  |s 2023-05-03  |w 2019-11-21  |y BK  |k BME